Manual of clinical laboratory immunology / (Record no. 480356)
[ view plain ]
| 000 -LEADER | |
|---|---|
| fixed length control field | 01305cam a22003858a 4500 |
| 001 - CONTROL NUMBER | |
| control field | 3923342 |
| 003 - CONTROL NUMBER IDENTIFIER | |
| control field | ASAB |
| 005 - DATE AND TIME OF LATEST TRANSACTION | |
| control field | 20180827062718.0 |
| 008 - FIXED-LENGTH DATA ELEMENTS--GENERAL INFORMATION | |
| fixed length control field | 860710s1986 dcu b 001 0 eng d |
| 010 ## - LIBRARY OF CONGRESS CONTROL NUMBER | |
| LC control number | 85026675 |
| 020 ## - INTERNATIONAL STANDARD BOOK NUMBER | |
| International Standard Book Number | 0-914826-70-0 |
| 020 ## - INTERNATIONAL STANDARD BOOK NUMBER | |
| International Standard Book Number | 0914826700 (soft) |
| 035 ## - SYSTEM CONTROL NUMBER | |
| System control number | (OCoLC)12750693 |
| 035 ## - SYSTEM CONTROL NUMBER | |
| System control number | (OCoLC)ocm12750693 |
| 035 ## - SYSTEM CONTROL NUMBER | |
| System control number | (CStRLIN)NYCM86-B3762 |
| 035 ## - SYSTEM CONTROL NUMBER | |
| System control number | (NNC)3923342 |
| 040 ## - CATALOGING SOURCE | |
| Original cataloging agency | DNLM/DLC |
| Transcribing agency | ASAB |
| Modifying agency | CStRLIN |
| -- | CtY-M |
| -- | NNC-M |
| 050 0# - LIBRARY OF CONGRESS CALL NUMBER | |
| Classification number | RB46.5 |
| Item number | .M36 1986 |
| 082 0# - DEWEY DECIMAL CLASSIFICATION NUMBER | |
| Classification number | 616.07/5 |
| Edition number | 19 |
| 245 00 - TITLE STATEMENT | |
| Title | Manual of clinical laboratory immunology / |
| Statement of responsibility, etc. | editors, Noel R. Rose, Herman Friedman, John L. Fahey. |
| 250 ## - EDITION STATEMENT | |
| Edition statement | 3rd ed. |
| 260 ## - PUBLICATION, DISTRIBUTION, ETC. | |
| Place of publication, distribution, etc. | Washington, D.C. : |
| Name of publisher, distributor, etc. | American Society for Microbiology, |
| Date of publication, distribution, etc. | 1986. |
| 300 ## - PHYSICAL DESCRIPTION | |
| Extent | xxiii, 1002 p. : |
| Other physical details | ill. ; |
| Dimensions | 29 cm. |
| 500 ## - GENERAL NOTE | |
| General note | Rev. ed. of: Manual of clinical immunology. 2nd ed. 1980. |
| 504 ## - BIBLIOGRAPHY, ETC. NOTE | |
| Bibliography, etc. note | Includes bibliographies and indexes. |
| 650 #0 - SUBJECT ADDED ENTRY--TOPICAL TERM | |
| Topical term or geographic name entry element | Immunodiagnosis |
| Form subdivision | Handbooks, manuals, etc. |
| 9 (RLIN) | 2393 |
| 650 #0 - SUBJECT ADDED ENTRY--TOPICAL TERM | |
| Topical term or geographic name entry element | Immunology |
| Form subdivision | Handbooks, manuals, etc. |
| 9 (RLIN) | 2394 |
| 650 #2 - SUBJECT ADDED ENTRY--TOPICAL TERM | |
| Topical term or geographic name entry element | Immunologic Techniques. |
| 9 (RLIN) | 2395 |
| 700 1# - ADDED ENTRY--PERSONAL NAME | |
| Personal name | Rose, Noel R. |
| 9 (RLIN) | 2396 |
| 700 1# - ADDED ENTRY--PERSONAL NAME | |
| Personal name | Friedman, Herman, |
| Dates associated with a name | 1931-2007. |
| 9 (RLIN) | 2397 |
| 700 1# - ADDED ENTRY--PERSONAL NAME | |
| Personal name | Fahey, John L. |
| 9 (RLIN) | 2398 |
| 730 0# - ADDED ENTRY--UNIFORM TITLE | |
| Uniform title | Manual of clinical immunology. |
| 9 (RLIN) | 2399 |
| 942 ## - ADDED ENTRY ELEMENTS (KOHA) | |
| Source of classification or shelving scheme | |
| Koha item type | Book |
| Withdrawn status | Lost status | Source of classification or shelving scheme | Damaged status | Not for loan | Collection code | Permanent Location | Current Location | Date acquired | Total Checkouts | Full call number | Barcode | Date last seen | Price effective from | Koha item type |
|---|---|---|---|---|---|---|---|---|---|---|---|---|---|---|
| Atta-ur-Rahman School of Applied Biosciences (ASAB) | Atta-ur-Rahman School of Applied Biosciences (ASAB) | 11/30/2016 | 616.07 ROS | ASAB2040 | 04/26/2018 | 11/30/2016 | Book |
